Discovering islam (E-Book) (Record no. 193010)
[ view plain ]
| 000 -LEADER | |
|---|---|
| fixed length control field | 00688 a2200229 4500 |
| 003 - CONTROL NUMBER IDENTIFIER | |
| control field | Nust |
| 005 - DATE AND TIME OF LATEST TRANSACTION | |
| control field | 20170207154048.0 |
| 020 ## - INTERNATIONAL STANDARD BOOK NUMBER | |
| International Standard Book Number | 0-415-28524-0 (hbk) |
| 020 ## - INTERNATIONAL STANDARD BOOK NUMBER | |
| International Standard Book Number | 0-415-28525-9 (pbk) |
| 040 ## - CATALOGING SOURCE | |
| Transcribing agency | Nust |
| 082 04 - DEWEY DECIMAL CLASSIFICATION NUMBER | |
| Classification number | 297.5 |
| 100 1# - MAIN ENTRY--PERSONAL NAME | |
| Personal name | Akbar Ahmed |
| 245 10 - TITLE STATEMENT | |
| Title | Discovering islam (E-Book) |
| Remainder of title | making sense of muslim history and society / |
| Statement of responsibility, etc. | Akbar Ahmed |
| 250 ## - EDITION STATEMENT | |
| Edition statement | Revised edition 2002. Reprint 2003 |
| 260 ## - PUBLICATION, DISTRIBUTION, ETC. | |
| Place of publication, distribution, etc. | London: |
| Name of publisher, distributor, etc. | Routledge , |
| Date of publication, distribution, etc. | 2003 |
| 300 ## - PHYSICAL DESCRIPTION | |
| Extent | 251 p. |
| 505 ## - FORMATTED CONTENTS NOTE | |
| Formatted contents note | Part One :The Pattern of Islamic History (Page-15) Part Two: Contemporary Muslim Society(Page-143) |
| 538 ## - SYSTEM DETAILS NOTE | |
| System details note | Almirah No.37 and Shelf No.6 |
| 650 #7 - SUBJECT ADDED ENTRY--TOPICAL TERM | |
| Topical term or geographic name entry element | Islam |
| 650 #7 - SUBJECT ADDED ENTRY--TOPICAL TERM | |
| Topical term or geographic name entry element | Islam |
| 651 ## - SUBJECT ADDED ENTRY--GEOGRAPHIC NAME | |
| Geographic name | (E-Book) |
| 942 ## - ADDED ENTRY ELEMENTS (KOHA) | |
| Source of classification or shelving scheme | |
| Koha item type | Book |
| Withdrawn status | Lost status | Source of classification or shelving scheme | Damaged status | Not for loan | Collection code | Permanent Location | Current Location | Date acquired | Total Checkouts | Full call number | Barcode | Date last seen | Price effective from | Koha item type |
|---|---|---|---|---|---|---|---|---|---|---|---|---|---|---|
| Military College of Signals (MCS) | Military College of Signals (MCS) | 12/12/2016 | 297.5 AHM | MCSEB-2597 | 12/08/2016 | 12/12/2016 | Book |
